| 000 | 00373pab a2200145 454500 | ||
|---|---|---|---|
| 008 | 180718b1983 xxu||||| |||| 00| 0 eng d | ||
| 100 | _aKessel, John H. | ||
| 245 | _aThe structures of the Carter White House | ||
| 260 | _c1983 | ||
| 300 | _a431-63 | ||
| 362 | _aAug. | ||
| 650 | _aPresidents - U.S.A. | ||
| 773 | _aAmerican Journal of Political Science | ||
| 909 | _a15980 | ||
| 999 |
_c15980 _d15980 |
||